Borjak születési és elválasztási súlyának összefüggése a fejlődési eréllyel
Elmentve itt :
| Szerző: | |
|---|---|
| További közreműködők: | |
| Dokumentumtípus: | Szakdolgozat |
| Megjelent: |
1966
|
| Kulcsszavak: | Szarvasmarha-tenyésztés Borjúnevelés |
| Tárgyszavak: | |
| Online Access: | http://diploma.bibl.u-szeged.hu/97520 |
| LEADER | 00856nta a2200265 i 4500 | ||
|---|---|---|---|
| 001 | dipl97520 | ||
| 005 | 20220121081308.0 | ||
| 008 | 220106s1966 hu om 0|| hun d | ||
| 040 | |a SZTE Diploma Repozitórium |b hun | ||
| 041 | |a hun | ||
| 100 | 1 | |a Otlec Sándor | |
| 245 | 1 | 0 | |a Borjak születési és elválasztási súlyának összefüggése a fejlődési eréllyel |h [elektronikus dokumentum] / |c Sándor Otlec |
| 260 | |c 1966 | ||
| 300 | |a 20 | ||
| 650 | 4 | |a Agrár | |
| 650 | 4 | |a Agricultural sciences | |
| 650 | 4 | |a Animal and Dairy science | |
| 650 | 4 | |a Animal and dairy science | |
| 650 | 4 | |a Zootechnics | |
| 650 | 4 | |a Bovidae | |
| 650 | 4 | |a Husbandry | |
| 695 | |a Szarvasmarha-tenyésztés | ||
| 695 | |a Borjúnevelés | ||
| 700 | 1 | |a nincs megadva |e ths | |
| 856 | 4 | 0 | |u http://diploma.bibl.u-szeged.hu/id/eprint/97520/1/1966_otlec_sandor.pdf |z Dokumentum-elérés |